| 000 | 00749nam a22001577a 4500 | ||
|---|---|---|---|
| 003 | OSt | ||
| 005 | 20151203092204.0 | ||
| 008 | 151203b xxu||||| |||| 00| 0 eng d | ||
| 040 | _cRUA | ||
| 082 | _aFIS LIN 2006 B178 Or.1 | ||
| 100 |
_94181 _aLING KIMRITH; ឡឹង គឹមរិទ្ធ |
||
| 245 | _aEffect of effective macroorganism on water quality for rearing giant freshwater prawn macrobrachium rosenbergii, ប្រសិទ្ធភាពអតិសុខមប្រាណមានប្រយោជន៍ (អ៊ីអ៊ឹម) ទៅលើគុណភាពទឹក សំរាប់ថែបំប៉នកូនបង្កង. | ||
| 260 |
_aPhnom Penh _bRUA _c2006 |
||
| 300 |
_axii; 49p. _bill. _c29cm. |
||
| 942 |
_2ddc _cFIS |
||
| 999 |
_c3895 _d3895 |
||